| 000 | 01063cam a2200325 a 4500 | ||
|---|---|---|---|
| 001 | 200429283 | ||
| 003 | TR-AnTOB | ||
| 005 | 20260127145942.0 | ||
| 008 | 080522s1993 tu 000 0 tur d | ||
| 020 | _a9754703256 | ||
| 040 |
_aBGZ _cBGZ |
||
| 041 | 0 | _atur | |
| 049 | _aBGZA | ||
| 050 | 0 | 0 |
_aJQ1803.5.C58 _bC59 1993 |
| 090 | 0 |
_aJQ1803.5.C58 _bC59 1993 |
|
| 100 | 1 |
_aCizre, Ümit _4author _950316 |
|
| 245 | 1 | 0 |
_aAP-ordu ilişkileri : _bbir ikilemin anatomisi / _cÜmit Cizre-Sakallıoğlu. |
| 264 | 1 |
_aİstanbul : _bİletişim Yayınları, _c1993. |
|
| 300 |
_a279 p. ; _c21 cm. |
||
| 336 |
_2rdacontent _atext _btxt |
||
| 337 |
_2 rdamedia _aunmediated _bn |
||
| 338 |
_2rdacarrier _avolume _bnc |
||
| 490 | 0 |
_aİletişim Yayınları ; _v212 _aAraştırma - İnceleme Dizisi ; _v36 |
|
| 504 | _aIncludes bibliographical references. | ||
| 610 | 2 | 0 |
_aAdalet Partisi _937552 |
| 650 | 0 |
_aSivil-asker ilişkileri _zTürkiye _926337 |
|
| 651 | 7 |
_aTürkiye _xSiyaset ve yönetim _y1960-1980 _9119068 |
|
| 942 |
_2lcc _cBK |
||
| 999 |
_c200429283 _d47207 |
||